Моделирование зажигания слоя лесного горючего материала сфокусированным потоком солнечного излучения с учетом пористости ЛГМ и проникновения излучения в слой; Химическая физика и мезоскопия; Т. 13, № 3
| Parent link: | Химическая физика и мезоскопия: научное издание.— , 2000- Т. 13, № 3.— 2011.— [С. 326-330] |
|---|---|
| Autor principal: | |
| Altres autors: | |
| Sumari: | Заглавие с экрана Определены условия зажигания слоя лесного горючего материала (ЛГМ) сфокусированным потоком солнечного излучения. Рассмотрена одномерная постановка задачи. Учтены пористая структура ЛГМ и проникновение излучения в слой. Для различных интенсивностей излучения проведен сравнительный анализ влияния пористости ЛГМ и проникновения излучения в слой на условия зажигания. Conditions of forest fuel layer ignition by focused flow of sunlight are determined. One-dimensional statement of problem is considered. Porous structure of forest fuel layer and penetration of radiation into a layer is taken into account. Comparative analysis of influence of forest fuel porosity and penetration of radiation into layer for various intensity of radiation is lead. Режим доступа: по договору с организацией-держателем ресурса |
| Idioma: | rus |
| Publicat: |
2011
|
| Matèries: | |
| Accés en línia: | http://elibrary.ru/item.asp?id=18254123 |
| Format: | MixedMaterials Electrònic Capítol de llibre |
| KOHA link: | https://koha.lib.tpu.ru/cgi-bin/koha/opac-detail.pl?biblionumber=641351 |
MARC
| LEADER | 00000naa0a2200000 4500 | ||
|---|---|---|---|
| 001 | 641351 | ||
| 005 | 20250327112249.0 | ||
| 035 | |a (RuTPU)RU\TPU\network\6251 | ||
| 035 | |a RU\TPU\network\6250 | ||
| 090 | |a 641351 | ||
| 100 | |a 20150515d2011 k||y0rusy50 ca | ||
| 101 | 0 | |a rus | |
| 102 | |a RU | ||
| 135 | |a drcn ---uucaa | ||
| 181 | 0 | |a i | |
| 182 | 0 | |a b | |
| 200 | 1 | |a Моделирование зажигания слоя лесного горючего материала сфокусированным потоком солнечного излучения с учетом пористости ЛГМ и проникновения излучения в слой |d Simulation of forest fuel layer ignition by focused flow of sunlight taking into account Forest fuel porous and radiation penetration in layer |f Г. В. Кузнецов, Н. В. Барановский | |
| 203 | |a Текст |c электронный | ||
| 300 | |a Заглавие с экрана | ||
| 320 | |a [Библиогр.: с. 330 (9 назв.)] | ||
| 330 | |a Определены условия зажигания слоя лесного горючего материала (ЛГМ) сфокусированным потоком солнечного излучения. Рассмотрена одномерная постановка задачи. Учтены пористая структура ЛГМ и проникновение излучения в слой. Для различных интенсивностей излучения проведен сравнительный анализ влияния пористости ЛГМ и проникновения излучения в слой на условия зажигания. | ||
| 330 | |a Conditions of forest fuel layer ignition by focused flow of sunlight are determined. One-dimensional statement of problem is considered. Porous structure of forest fuel layer and penetration of radiation into a layer is taken into account. Comparative analysis of influence of forest fuel porosity and penetration of radiation into layer for various intensity of radiation is lead. | ||
| 333 | |a Режим доступа: по договору с организацией-держателем ресурса | ||
| 461 | |t Химическая физика и мезоскопия |o научное издание |d 2000- | ||
| 463 | |t Т. 13, № 3 |v [С. 326-330] |d 2011 | ||
| 510 | 1 | |a Simulation of forest fuel layer ignition by focused flow of sunlight taking into account Forest fuel porous and radiation penetration in layer |z eng | |
| 610 | 1 | |a электронный ресурс | |
| 610 | 1 | |a труды учёных ТПУ | |
| 610 | 1 | |a зажигание | |
| 610 | 1 | |a солнечное излучение | |
| 610 | 1 | |a лесные горючие материалы | |
| 700 | 1 | |a Кузнецов |b Г. В. |c специалист в области теплоэнергетики |c профессор Томского политехнического университета, доктор физико-математических наук |f 1949- |g Гений Владимирович |3 (RuTPU)RU\TPU\pers\25528 |9 11458 | |
| 701 | 1 | |a Барановский |b Н. В. |c специалист в области теплотехники |c доцент Томского политехнического университета, кандидат физико-математических наук |f 1978- |g Николай Викторович |3 (RuTPU)RU\TPU\pers\30197 |9 14591 | |
| 801 | 2 | |a RU |b 63413507 |c 20150515 |g RCR | |
| 856 | 4 | |u http://elibrary.ru/item.asp?id=18254123 | |
| 942 | |c CF | ||